| 000 | 00866cab a2200217 4500 | ||
|---|---|---|---|
| 001 | ABS40979 | ||
| 008 | 090401t1989 xxu||||| |||| 00| 0 eng d | ||
| 035 | _a(Sirsi) u27283 | ||
| 041 | _aeng | ||
| 100 | _aHall, S. | ||
| 245 | 2 | _aA new form of lease | |
| 260 | _c1989 | ||
| 350 | _a0 | ||
| 490 |
_aShopping Centre Horizons _v(15) Spring 1989, 20-23(4) |
||
| 520 | _aHighlights some problems of commercial property leases ; describing a new form of lease devised by solicitors D J Freeman & Co . Illustrates how all parties engaged in letting retail units in a shopping centre can benefit from this new form, which is shorter than a traditional lease and communicates clearly the intentions of the parties. | ||
| 650 | _aBUSINESS TENANCIES | ||
| 690 | _aLANDLORD AND TENANT-BUSINESS TENANCIES | ||
| 700 | _aClark, P. | ||
| 942 | _n0 | ||
| 948 | _c04/03/1997 | ||
| 999 |
_c18363 _d18363 |
||